Eshel Avraham / (Record no. 31483)

MARC details
000 -LEADER
fixed length control field 00929cam a22002651 4500
001 - CONTROL NUMBER
control field he 66000198
003 - CONTROL NUMBER IDENTIFIER
control field DLC
005 - DATE AND TIME OF LATEST TRANSACTION
control field 20260227111435.0
008 - FIXED-LENGTH DATA ELEMENTS--GENERAL INFORMATION
fixed length control field 821222s1965 is 000 0 heb
010 ## - LIBRARY OF CONGRESS CONTROL NUMBER
LC control number he 66000198
035 ## - SYSTEM CONTROL NUMBER
System control number (OCoLC)19159442
040 ## - CATALOGING SOURCE
Original cataloging agency DLC
Transcribing agency MH
Modifying agency DLC
042 ## - AUTHENTICATION CODE
Authentication code premarc
050 00 - LIBRARY OF CONGRESS CALL NUMBER
Classification number BM550.C344
Item number A2 1906a
100 1# - MAIN ENTRY--PERSONAL NAME
Personal name Wahrmann, Abraham David ben Asher Anschel,
Dates associated with a name approximately 1771-1840.
245 10 - TITLE STATEMENT
Title Eshel Avraham /
Statement of responsibility, etc. ... liḳaṭeti ṿe-heʻetaḳti ... Yiśraʼel Aryeh Leb Ṿarmann.
250 ## - EDITION STATEMENT
Edition statement Mahadura tinyana.
260 ## - PUBLICATION, DISTRIBUTION, ETC.
Place of publication, distribution, etc. [Jerusalem?] :
Name of publisher, distributor, etc. Hotsaʼot Even Yiśraʼel,
Date of publication, distribution, etc. [1965?]
300 ## - PHYSICAL DESCRIPTION
Extent 192 p. ;
Dimensions 25 cm.
500 ## - GENERAL NOTE
General note Photo-offset of Buczacz, 1906 ed.
600 10 - SUBJECT ADDED ENTRY--PERSONAL NAME
Personal name Karo, Joseph ben Ephraim,
Dates associated with a name 1488-1575.
Title of a work Shulḥan ʻarukh.
Name of part/section of a work Oraḥ ḥayim
General subdivision Commentaries.
700 1# - ADDED ENTRY--PERSONAL NAME
Personal name Wurmann, Israel Aryeh Leib,
Relator term ed.
752 ## - ADDED ENTRY--HIERARCHICAL PLACE NAME
Country or larger entity Soviet Union
City Buchach
752 ## - ADDED ENTRY--HIERARCHICAL PLACE NAME
Country or larger entity Israel
City Jerusalem

No items available.

Powered by Koha